| 000 | 00000nas 2200000za 4500 |
| 001 | 9.502579 |
| 003 | CaOODSP |
| 005 | 20240207110900 |
| 007 | cr ||||||||||| |
| 008 | 150406d19992006xxc|| p o||||f| |0fre|d |
| 022 | |a1701-1310 |
| 040 | |aCaOODSP|bfre |
| 043 | |an-cn--- |
| 086 | 1 |aSE3-1F-PDF |
| 245 | 00|aCompendium de l'administration électorale au Canada. |
| 264 | 1|aOttawa : |bÉlections Canada |
| 310 | |aAnnuel |
| 362 | 1 |aParaît depuis 1999; ne paraît plus après 2006. |
| 500 | |a2004 et 2005 non publiés. |
| 691 | 07|aÉlections|2gcpds |
| 710 | 2 |aÉlections Canada, |eorganisme de publication. |
| 775 | 08|tCompendium of election administration in Canada |w(CaOODSP)9.506178 |